00650nam a2200241 a 450000100060000000300090000600800410001502000150005604000280007108200160009910000300011524500220014526000530016730000160022065000190023665000130025565000210026865000200028965000200030965000180032965000410034765000200038810153CO-ViMGA141112s2004 ck r 000 u spa d a9586480801 aCO-ViMGAbspacCO-ViMGA04a617.69 E2401 aEcheverri A. ; Mauricio, 10aOseointegración aSantafé de Bogotá : bEcoe Ediciones, c1995 a291p. : il.14aEXAMEN CLINICO14aHISTORIA14aIMPLANTES ORALES14aNIVEL SUPRAOSEO14aOSEOINTEGRACION14aPEIMPLANTITIS14aTECNICAS QUIRURGICAS COMPLEMENTARIAS14aVIAS DIGESTIVAS